| 000 | 00408nam a2200145Ia 4500 | ||
|---|---|---|---|
| 008 | 230917s9999||||xx |||||||||||||| ||und|| | ||
| 040 |
_e137608 _aMAIN |
||
| 041 | _aEnglish | ||
| 082 | _a658.4 H874G | ||
| 100 | _aHughes, Charles L | ||
| 245 | 0 | _aGoal setting: Key to individual organisational effectiveness | |
| 260 |
_aNew York _bAmerican Management Association _c1976 |
||
| 300 | _a159 p. | ||
| 942 | _cBK | ||
| 999 |
_c154583 _d154583 |
||